20 Most Popular International Flight Routes - Landing Cities - Statistics

General Stats
  • This quiz has been taken 77 times
  • The average score is 14 of 20
Answer Stats
Continent(s) Liftoff Airport Touchdown Airport % Correct
Europe-North America LHR JFK
87%
Asia KUL SIN
85%
Asia CGK SIN
85%
Asia BKK SIN
85%
Asia HKG SIN
85%
Asia HKG PEK
82%
Asia KIX ICN
81%
Asia HKG ICN
81%
Asia NRT ICN
81%
Asia HKG PVG
81%
Asia KIX PVG
81%
North America YYZ LGA
73%
Europe LHR DUB
67%
Asia CGK KUL
64%
Asia HKG BKK
63%
Asia HKG TPE
63%
Asia NRT TPE
63%
Asia KIX TPE
63%
North America YYZ ORD
57%
Asia DXB KWI
19%
No matching quizzes found
Score Distribution
Percent of People with Each Score
Percentile by Number Answered
Your Score History
You have not taken this quiz